Central Library OPAC University of Rajshahi

Family and social change in modern India / (Record no. 1696)

MARC details
000 -LEADER
fixed length control field 00844cam a2200277 i 4500
001 - CONTROL NUMBER
control field 1696
003 - CONTROL NUMBER IDENTIFIER
rucl marc code BD-RjUL
005 - DATE AND TIME OF LATEST TRANSACTION
control field 20211208233406.0
008 - FIXED-LENGTH DATA ELEMENTS--GENERAL INFORMATION
fixed length control field 131208s1976 ii of b 001 0 eng d
020 ## - INTERNATIONAL STANDARD BOOK NUMBER
International Standard Book Number 0706904222
035 ## - SYSTEM CONTROL NUMBER
System control number (BD-RjUL)1723
040 ## - CATALOGING SOURCE
Original cataloging agency DLC
Transcribing agency DLC
Modifying agency BD-RjUL
Language of cataloging eng
041 ## - LANGUAGE CODE
Language code of text/sound track or separate title eng
082 04 - DEWEY DECIMAL CLASSIFICATION NUMBER
Classification number 306.850954
Author mark and year FAM 1976
245 10 - TITLE STATEMENT
Title Family and social change in modern India /
Statement of responsibility, etc. Giri Raj Gupta.
260 ## - PUBLICATION, DISTRIBUTION, ETC. (IMPRINT)
Place of publication, distribution, etc. New delhi :
Name of publisher, distributor, etc. Vikas publishing house,
Date of publication, distribution, etc. c1976.
300 ## - PHYSICAL DESCRIPTION
Pagination xxxiv, 263 p. :
Illustrations ill. ;
Size 23 cm.
504 ## - BIBLIOGRAPHY, ETC. NOTE
Bibliography, etc Includes bibliographies and index.
650 #0 - SUBJECT ADDED ENTRY--TOPICAL TERM
Topical term or geographic name as entry element Families
Geographic subdivision India.
9 (RLIN) 5621
Topical term or geographic name as entry element Marriage (Hindu law)
9 (RLIN) 5622
Topical term or geographic name as entry element Women
Geographic subdivision India
General subdivision Social conditions.
9 (RLIN) 5623
942 ## - ADDED ENTRY ELEMENTS (KOHA)
Source of classification or shelving scheme Dewey Decimal Classification
Koha item type Books
Holdings
Lost status Source of classification or shelving scheme Damaged status Not for loan Collection code Permanent Location Current Location Date acquired Source of acquisition Cost, normal purchase price Total Checkouts Full call number Date last seen Copy number Koha item type Shelving location
  Dewey Decimal Classification     Non-fiction Central Library, University of Rajshahi Central Library, University of Rajshahi 13/01/1979 India international 50.00   306.850954 FAM 1976 08/12/2013 C-2 Books  
  Dewey Decimal Classification   Not For Loan Non-fiction Central Library, University of Rajshahi Central Library, University of Rajshahi 28/09/1978 India Int. Calcata 50.00   306.850954 FAM 1976 22/05/2014 C-1 Books Reading Room